| 000 | 00812nam a2200217 a 4500 | ||
|---|---|---|---|
| 005 | 20210219151047.0 | ||
| 008 | 991125s1953 mx 000 0 spa u | ||
| 035 | _aUPN01000026649 | ||
| 049 | _aCG | ||
| 050 | 4 |
_aNA9348 G9 _bR8.4 |
|
| 100 | 1 | _aRubín de la Borbolla, Daniel F. | |
| 245 | 1 | 0 |
_aGuatemala : _bmonumentos históricos y arqueológicos / _cpor Daniel F. Rubín de la Borbolla y Hugo Cerezo |
| 260 |
_aMéxico : _bInstituto Panamericano de Geografía e Historia, _c1953 |
||
| 300 | _a115 p., [26] p. de láms., | ||
| 440 | 0 |
_aMonumentos históricos y arqueológicos ; _v6 |
|
| 440 | 0 |
_aInstituto Panamericano de Geografía e Historia. _pComisión de Historia ; _v42 |
|
| 650 | 4 |
_aMONUMENTOS - _zGUATEMALA |
|
| 651 | 4 |
_aGUATEMALA - _xANTIGUEDADES |
|
| 700 | 1 |
_aCerezo, Hugo, _ecoaut. |
|
| 905 | _aLibro | ||
| 999 |
_c26649 _d26649 |
||